Statistics for Best Nba Players

Click here to take the quiz!

General Stats

  • This quiz has been taken 5 times
  • The average score is 10 of 42

Answer Stats

HintAnswer% Correct
30curry
100%
23lebron
75%
32malone
75%
13harden
50%
33kareem
50%
35kd
50%
24kobe
50%
23mj
50%
12stockton
50%
44west
50%
0westbrook
50%
33bird
25%
15carter
25%
11duncan
25%
33ewing
25%
3iverson
25%
40kemp
25%
5kidd
25%
0lillard
25%
32magic
25%
99mikan
25%
17mullin
25%
50robinson
25%
91rodman
25%
32shaq
25%
11thomas
25%
1booker
0%
6erving
0%
5garnett
0%
13george
0%
34giannis
0%
35hakeem
0%
33hill
0%
2kawhi
0%
2kyrie
0%
11ming
0%
12morant
0%
3paul
0%
3petrovich
0%
33pippen
0%
8sprewell
0%
4webber
0%

Score Distribution

Percentile by Number Answered

Percent of People with Each Score

Your Score History

You have not taken this quiz